000
00343nam a2200157Ia 4500
003
0STCL
008
150530s9999 xx 000 0 und d
040
_a
STCL
_c
STCL
100
_a
Chester Bowles
245
_a
Makings of a just society
260
_c
1964
546
_a
English
942
_2
ddc
_c
BK
999
_c
9211
_d
9211
005
20220125165523.0